00543cam a2200181u 45000010008000000030004000080050017000120080041000290100017000700400019000870820017001061000041001232450044001642600031002083000026002396500038002656500058003038436793OSt20230602150542.0821202s1952 enka 000 0 eng  a 62000227  aDLCcCarPdDLC a305.233bOMI1 aOminde, Simeon H. [from old catalog]14aThe Luo girl, from infancy to marriage. aLondon,bMacmillan,c1952. a69 p.billus.c19 cm. 0aLuo (Kenyan and Tanzanian people) 0aWomenxSocial and moral questions. [from old catalog]